Neoconstitucionalismo y derechos colectivos /
Guardado en:
| Autor Principal: | |
|---|---|
| Formato: | Libro |
| Idioma: | Spanish |
| Publicado: |
Buenos Aires :
Ediar,
2005
|
| Edición: | 1a. ed. |
| Materias: | |
| Etiquetas: |
Agregar Etiqueta
Sin Etiquetas, Sea el primero en etiquetar este registro!
|
| LEADER | 00474nam a22001575a 4500 | ||
|---|---|---|---|
| 001 | DER.der011656 | ||
| 008 | 180615s2005####ag#||||||||||||||#||spa|| | ||
| 005 | 20251226133539.0 | ||
| 245 | 1 | 0 | |a Neoconstitucionalismo y derechos colectivos / |c Andrés Gil Domínguez |
| 250 | |a 1a. ed. | ||
| 260 | |a Buenos Aires : |b Ediar, |c 2005 | ||
| 300 | |a 269 p. | ||
| 020 | |a 9505741863 | ||
| 100 | 1 | |a Gil Domínguez, Andrés | |
| 653 | |a DERECHO CONSTITUCIONAL | ||
| 859 | |a DERECHO |b BIB. DERECHO |h 342 |i GIL |p 006720 | ||
